Städte mit "W" - Statistiken

Allgemein
  • Dieses Quiz wurde 52 mal gespielt
  • Das Durchschnittsergebnis liegt bei 11 aus 32
Antwortstatistiken
Land Stadt % Korrekt
Polen 🇵🇱 Warschau
95%
Neuseeland 🇳🇿 Wellington
95%
Österreich 🇦🇹 Wien
95%
USA 🇺🇸 Washington
68%
Deutschland 🇩🇪 Wuppertal
65%
Namibia 🇳🇦 Windhoek
60%
Deutschland 🇩🇪 Wolfsburg
58%
Deutschland 🇩🇪 Wiesbaden
50%
Deutschland 🇩🇪 Weimar
48%
Deutschland 🇩🇪 Würzburg
48%
Schweiz 🇨🇭 Winterthur
43%
Russland 🇷🇺 Wolgograd
40%
Russland 🇷🇺 Wladikawkas
38%
Deutschland 🇩🇪 Worms
38%
Kanada 🍁 Winnipeg
35%
Deutschland 🇩🇪 Wismar
35%
Irland 🇮🇪 Waterford
33%
Deutschland 🇩🇪 Witten
25%
Deutschland 🇩🇪 Wolfenbüttel
20%
Deutschland 🇩🇪 Wesel
18%
Deutschland 🇩🇪 Wilhelmshaven
18%
Litauen 🇱🇹 Wilna
18%
Deutschland 🇩🇪 Wittenberg
18%
Australien 🌏 Wollongong
15%
Deutschland 🇩🇪 Wetzlar
10%
Deutschland 🇩🇪 Warstein
5%
Japan 🇯🇵 Wakayama
3%
Namibia 🇳🇦 Walfischbucht
3%
Belgien 🇧🇪 Waregem
3%
Indien 🇮🇳 Warangal
0%
Großbritannien 🇬🇧 Watford
0%
Niederlande 🇳🇱 Westland
0%
Keine übereinstimmenden Quizze gefunden
Verteilung der Resultate
Anzahl Personen mit jedem Resultat
Perzentil nach korrekt beantworteten Fragen
Ihre Resultats-Entwicklung
Sie haben dieses Quiz noch nicht gespielt